Jewish property after 1945: cultures and economies of ownership, loss, recovery, and transfer

Titel: Jewish property after 1945: cultures and economies of ownership, loss, recovery, and transfer / Jacob Ari Labendz
Verfasser:
In: Jewish culture and history, Band 18, Heft 1 (2017), Seite 1-4
alle Artikel anzeigen
Veröffentlicht: 2017
Format: Aufsatz
Sprache: Englisch
Schlagworte:
Kein Bild verfügbar
X
alg: 50673854
001A    $03025:09-04-23 
001B    $01999:09-04-23 $t22:06:23.000 
001D    $03025:09-04-23 
001U    $0utf8 
001X    $00 
002@    $0Oou 
002C    $aText $btxt $2rdacontent 
002D    $aComputermedien $bc $2rdamedia 
002E    $aOnline-Ressource $bcr $2rdacarrier 
003@    $050673854X 
007A    $050673854X $aHEB 
009Q    $uhttps://doi.org/10.1080/1462169X.2017.1280891 $xH 
010@    $aeng 
010E    $erda 
011@    $a2017 
021A    $aJewish property after 1945: cultures and economies of ownership, loss, recovery, and transfer $hJacob Ari Labendz 
027A    $aIntroduction: Jewish property after 1945: cultures and economies of ownership, loss, recovery, and transfer 
028A    $BVerfasser $4aut $71147392838 $8Labendz, Jacob Ari$Z1977- [Tp3] $942337835X 
031A    $d18 $e1 $h1-4 $j2017 
039B    $aEnthalten in $8--Obvc--. Jewish culture and history. - Abingdon {[u.a.] : Routledge, 1998-. - Online-Ressource. - ISSN 2167-9428 $x201700000180001999 $9305332813 
044K    $RJudentum $RIsraeliten $RStämme Israels $#Jude $74028808-0 $8Juden [Ts1] $9085075922 
044K    $#Property $#Right of property $#Propriété $#Propiedad $#ownership $#Eigentum $#Eigentum $#Eigentumsrecht $74013793-4 $8Eigentum [Ts1] $9085030554 
045F    $a909.04924090904 $eDDC23BSB 
045F/01 $a909.04924 
045F/03 $f0904 
045R    $aGeschichte 1945-2000 
045T    $a7,7 
045T    $aJUDAICA $qDE-30 $2FID 

lok: 50673854 78

exp: 50673854 78 1 #EPN
201B/01 $009-04-23 $t09:15:12.000 
201C/01 $009-04-23 
201U/01 $0utf8 
203@/01 $01231085975 
208@/01 $a09-04-23 $be 
209A/01 $a/ $f000 $x00 
209A/01 $ab*p $x01 
220C/01 $apgar 
244Z/01 $#Ostmitteleuropa $#Ostmitteleuropa $#Mitteleuropa, Ost $#Central Europe Ostmitteleuropa $#Mittelosteuropa $74075753-5 $8--Tg1--Ostmitteleuropa $x05 $9085214485 
247C/01 $82080>Marburg/Lahn, Herder-Institut, Forschungsbibliothek, Bibliographieportal $9336309341
LEADER 00000caa a2200000 c 4500
001 50673854X
003 DE-603
005 20230409220623.0
007 cr||||||||||||
008 230409s2017 xx |||| o| u00||u|eng c
035 |a (DE-599)HEB50673854X 
040 |a DE-603  |b ger  |c DE-603  |d DE-603  |e rda 
041 |a eng 
082 0 4 |8 1\u  |a 909.04924090904  |q DE-101  |2 23/BSB 
084 |a 7,7  |2 ssgn 
084 |a JUDAICA  |q DE-30  |2 fid 
085 |8 1\u  |b 909.04924 
085 |8 1\u  |z 1  |s 0904 
100 1 |a Labendz, Jacob Ari  |d 1977-  |e Verfasser  |4 aut  |0 (DE-603)42337835X  |0 (DE-588)1147392838  |2 gnd 
245 0 0 |a Jewish property after 1945: cultures and economies of ownership, loss, recovery, and transfer  |c Jacob Ari Labendz 
246 1 3 |a Introduction: Jewish property after 1945: cultures and economies of ownership, loss, recovery, and transfer 
264 0 |c 2017 
336 |a Text  |b txt  |2 rdacontent 
337 |a Computermedien  |b c  |2 rdamedia 
338 |a Online-Ressource  |b cr  |2 rdacarrier 
648 7 |a Geschichte 1945-2000  |2 gnd 
650 7 |a Juden  |0 (DE-588)4028808-0  |0 (DE-603)085075922  |2 gnd 
650 7 |a Eigentum  |0 (DE-588)4013793-4  |0 (DE-603)085030554  |2 gnd 
773 0 8 |i Enthalten in  |t Jewish culture and history  |d Abingdon ˜[u.a.] œ: Routledge, 1998-  |h Online-Ressource  |x 2167-9428  |g Band 18, Heft 1 (2017), Seite 1-4  |w (DE-603)305332813  |w (DE-600)2672801-1 
856 |u https://doi.org/10.1080/1462169X.2017.1280891  |x Verlag 
924 1 |9 2080  |a (DE-603)1231085975  |b DE-2080  |c HES  |d d  |g /